V treťom štvrťroku už zamestnanosť rástla

Tretí štvrťrok 2004 bol pre slovenskú ekonomiku priaznivý - zvýšenie HDP, zvyšovanie zamestnanosti. Ekonomiku ťahá vyššia spotreba obyvateľstva a čoraz väčší vplyv majú investície. Otváranie nožníc medzi rastom domáceho dopytu a zvyšovaním výkonnosti ekonomiky - to by mohlo predznamenať rodiacu sa n...

ver descrição completa

Na minha lista:
Detalhes bibliográficos
Autor principal: Kláseková, Martina
Formato: Capítulo de Livro
Idioma:eslovaco
Assuntos:
Tags: Adicionar Tag
Sem tags, seja o primeiro a adicionar uma tag!

MARC

LEADER 00000naa$a2200000$$$4500
001 0023520
005 20231009075552.5
041 0 |a slo 
044 |a SK 
245 1 0 |a V treťom štvrťroku už zamestnanosť rástla  |c Martina Kláseková 
520 |a Tretí štvrťrok 2004 bol pre slovenskú ekonomiku priaznivý - zvýšenie HDP, zvyšovanie zamestnanosti. Ekonomiku ťahá vyššia spotreba obyvateľstva a čoraz väčší vplyv majú investície. Otváranie nožníc medzi rastom domáceho dopytu a zvyšovaním výkonnosti ekonomiky - to by mohlo predznamenať rodiacu sa nerovnováhu, keď dopyt rastie rýchlejšie ako výroba. Zvýšenie zamestnanosti. V treťom kvartáli 2004 Slovensko dosiahlo najvyšší ekonomický rast z krajín V-4. 
610 2 0 |a rast hospodársky 
610 2 0 |a produkt domáci hrubý 
610 2 0 |a spotreba obyvateľstva 
610 2 0 |a investície 
610 2 0 |a zamestnanosť 
610 2 0 |a Slovensko 
610 2 0 |a júl-september 
610 2 0 |a 2004 
100 1 |a Kláseková, Martina